000 00688nam a2200229 i 4500
001 bg
100 1 _aGARCIA-MOLINA, Hector
245 1 0 _aDatabase system implementation /
_cHector Garcia-Molina, Jeffrey D. Ullman, Jennifer Widom.
260 _aUpper Saddle River, New Jersey :
_bPrentice Hall,
_c2000.
300 _aXV, 653 s. :
_brys. ;
_c24 cm.
504 _aBibliogr. przy rozdz. - Indeks.
650 9 _aBaza danych
_xbudowa i organizacja
700 1 _aULLMAN, Jeffrey D.
700 1 _aWIDOM, Jennifer
020 _a0130402648
040 _cBPK
041 0 _aen
080 _a004.65
920 _a0-13-040264-8
942 _cKS
008 s pl f |000 0 pol
999 _c36813
_d36813
856 _uhttp://koha.tu.koszalin.pl/cgi-bin/koha/opac-detail.pl?biblionumber=36813
_yKatalog online BPK